Golden Buddha (Record no. 314066)

000 -LEADER
fixed length control field 00383 a2200169 4500
001 - CONTROL NUMBER
control field 78993
020 ## - INTERNATIONAL STANDARD BOOK NUMBER
International Standard Book Number 9780141010311
082 ## - DEWEY DECIMAL CLASSIFICATION NUMBER
Classification number 813.5421 CUS
090 ## - LOCALLY ASSIGNED LC-TYPE CALL NUMBER (OCLC); LOCAL CALL NUMBER (RLIN)
-- 39519
-- 39519
100 ## - MAIN ENTRY--PERSONAL NAME
Personal name Clive Cussler
245 ## - TITLE STATEMENT
Title Golden Buddha
Medium English
250 ## - EDITION STATEMENT
Edition statement 1
260 ## - PUBLICATION, DISTRIBUTION, ETC.
Place of publication, distribution, etc. England
Name of publisher, distributor, etc. Penguin Books Ltd
Date of publication, distribution, etc. 2005
300 ## - PHYSICAL DESCRIPTION
Extent 527
500 ## - GENERAL NOTE
General note General Books
505 ## - FORMATTED CONTENTS NOTE
Formatted contents note NUST Books
942 ## - ADDED ENTRY ELEMENTS (KOHA)
Institution code [OBSOLETE] NUST-CAE
Call number prefix 813.5421CUS
Holdings
Withdrawn status Lost status Damaged status Not for loan Collection code Permanent Location Current Location Date acquired Total Checkouts Full call number Barcode Date last seen Price effective from Koha item type
          College of Aeronautical Engineering (CAE) College of Aeronautical Engineering (CAE) 04/03/2017   813.5421CUS CAEN-4875 04/05/2017 04/05/2017 Book
© 2023 Central Library, National University of Sciences and Technology. All Rights Reserved.